[Event "Linares 13th"]
[Site "Linares"]
[Date "1995.03.11"]
[Round "9"]
[White "Karpov, Anatoly"]
[Black "Ivanchuk, Vassily"]
[Result "1/2-1/2"]
[WhiteElo "2780"]
[BlackElo "2700"]
[Annotator "Dautov,R"]
[PlyCount "102"]
[EventDate "1995.03.01"]
[EventType "tourn"]
[EventRounds "13"]
[EventCountry "ESP"]
[EventCategory "17"]
[SourceTitle "CBM 046"]
[Source "ChessBase"]
[SourceDate "1995.06.01"]
[SourceVersion "1"]
[SourceVersionDate "1995.06.01"]
[SourceQuality "1"]

1. d4 {Ftacnik} f5 2. g3 Nf6 3. Bg2 d6 4. Nc3 d5 (4... c6 5. e4 fxe4 6. Nxe4
Nxe4 7. Bxe4 Bf5 8. Qf3 Bxe4 9. Qxe4 $14) (4... g6 {Ftacnik} 5. e4) 5. Bg5 (5.
Nf3 {Ftacnik} e6 6. O-O Bd6 7. b3 O-O 8. Bb2) 5... e6 (5... c6 {Ftacnik} 6. f3
Qb6 $13) 6. e3 c5 (6... h6 7. Bxf6 Qxf6 8. h4 Bd7 9. h5 c5 10. Nce2 Nc6 11. c3
Bd6 12. Nf3 O-O 13. Nf4 cxd4 14. exd4 Bxf4 15. gxf4 b5 16. a3 a5 17. Qe2 Be8
18. Ne5 Nd8 19. a4 bxa4 20. c4 $16 {Speelman,J-Bareev,E/Brussels SWIFT 25'/1992
}) (6... Be7 7. Nge2 (7. Nf3 {Ftacnik} O-O) 7... O-O 8. O-O c6 9. f3 h6 10. Bf4
Nh5 11. Bxb8 Rxb8 12. e4 Nf6 13. Qd3 Qe8 14. Rae1 Qf7 15. exf5 exf5 16. Nf4 Bd6
17. Qd2 b6 18. Rf2 Ba6 19. Bf1 Bxf1 20. Rfxf1 Rbe8 21. Nd3 Qc7 $10 {Averbakh,
Y-Fishbein,A/New York WFW 1990}) 7. Nf3 Be7 8. Ne2 (8. O-O {Ftacnik} O-O 9. Ne2
Nc6 10. c4 $1 dxc4 11. Qa4 $36) 8... Qa5+ $5 9. c3 Nc6 10. Nf4 (10. O-O {
Ftacnik} O-O 11. c4 dxc4 12. Ne5 Nxe5 13. dxe5 Rd8 (13... Nd5 14. Bxe7 Nxe7 15.
Qd6 $36) 14. Qc2 Nd5 15. Bxe7 Nxe7 16. Qxc4 $14) 10... O-O 11. O-O Rd8 (11...
h6 12. Bxf6 Bxf6 13. Ng6 (13. Nd2 $1 {Ftacnik} Qb6 (13... c4 14. b3 $16) (13...
Qc7 14. dxc5 $16) 14. Nb3 c4 (14... cxd4 15. exd4 $16) 15. Nc5 $1 $16) 13...
Rd8 14. Nfe5 Bxe5 15. Nxe5 Nxe5 16. dxe5 Qb6 $10) 12. Nd3 c4 (12... b6 $5) 13.
Nde5 h6 14. Bxf6 Bxf6 15. Re1 Rb8 16. h3 Qc7 17. Nxc6 bxc6 (17... Qxc6 18. Ne5
$14 (18. b3 $14 {Ftacnik})) 18. b3 cxb3 19. axb3 c5 20. Re2 Qb6 (20... cxd4 {
Ftacnik} 21. cxd4 Qb6 $10) 21. Ra3 Rd7 (21... cxd4 {Ftacnik} 22. exd4 $16) 22.
dxc5 Qxc5 23. b4 Qe7 24. Nd4 $14 Rc7 25. Rea2 Rbb7 26. Qd3 Bd7 27. Ra5 Kh8 (
27... Be8 $4 28. Nxe6 $18) 28. R2a3 Be8 (28... h5 $5) 29. Bf1 Rb6 (29... h5 $5)
30. Qd2 (30. Qe2 {Ftacnik} h5 $2 31. h4 $1 g5 32. hxg5 Bxg5 33. Qa2 $1 h4 34.
Rxa7 hxg3 35. f4 $1 $18) 30... h5 31. Qa2 (31. h4 g5 32. hxg5 Bxg5 $132 {/\h4})
31... h4 (31... Rbb7 32. Ra6 Bxd4 33. exd4 $16) 32. Rxa7 hxg3 33. Rxc7 $2 (33.
fxg3 Be5 (33... Bxd4 34. exd4 Rbc6 35. Ra8 Rxc3 36. Rxc3 Rxc3 37. Qa4 $18) (
33... Bg5 34. Kf2 e5 35. Nf3 $16) 34. Rxc7 Bxc7 35. Qf2 $16) (33. f4 {Ftacnik}
Kh7 $14) 33... gxf2+ 34. Kg2 (34. Qxf2 Qxc7 35. Ra8 Qd7 $15) 34... Qxc7 35. Ra8
Bd8 $8 (35... Rb8 $2 36. Nxe6 Rxa8 37. Qxa8 Qc6 38. Qxc6 Bxc6 39. Nd4 $16) (
35... Qd7 $2 36. Qa5 Bxd4 37. exd4 Rb7 38. Qd8 $18) (35... Bh4 $2 {Ftacnik} 36.
Rxe8+ Kh7 37. Ne2 $1 $18) 36. Qa7 Qd6 $8 (36... Rb7 $2 37. Qc5 Qd7 38. Qc8 $18)
(36... Qxa7 37. Rxa7 Rd6 38. Ra8 $16 {/\Nxe6}) 37. Nxe6 Qxe6 38. Rxd8 Qe4+ 39.
Kh2 (39. Kxf2 $4 Qh4+ $19 (39... Qh4+ {Ftacnik} 40. Ke2 Qxd8 $19)) 39... Qe5+
$10 40. Kg2 Qe4+ 41. Kh2 Qe5+ 42. Kg2 Rg6+ $5 43. Kxf2 f4 (43... Qg3+ $1 {
Ftacnik} 44. Ke2 Re6 45. Kd2 (45. Qc5 Kh7 $1) 45... Qf2+ 46. Be2 Kh7 $1 $19)
44. Rxe8+ $1 $8 (44. Qd4 $2 fxe3+ 45. Ke2 Qh2+ (45... Qh5+ $6 46. Ke1) 46. Kd1
Re6 $17 (46... Re6 {Ftacnik} 47. Be2 Kh7 $1 48. Qh4+ Rh6 49. Bd3+ Bg6 50. Bxg6+
Kxg6 51. Qg4+ Kh7 52. Qf5+ Rg6 53. Qh5+ Rh6 54. Qf5+ $10)) (44. Ra8 $2 Re6 $17)
44... Qxe8 45. exf4 Qd8 (45... Rf6 46. Qd4) (45... Re6 {Ftacnik} 46. Bd3 Qh5
47. Kg3 $13) 46. Bd3 (46. Qe3 $5 Qh4+ 47. Ke2 Ra6 $132) 46... Qh4+ 47. Ke2 Re6+
48. Kd1 Qe1+ 49. Kc2 Re2+ $1 50. Bxe2 Qxe2+ 51. Kb3 Qd1+ 1/2-1/2

[Event "PCA/Intel-GP"]
[Site "Moscow"]
[Date "1995.04.29"]
[Round "2.1"]
[White "Ivanchuk, Vassily"]
[Black "Kortschnoj, Viktor Lvovich"]
[Result "1-0"]
[WhiteElo "2700"]
[BlackElo "2635"]
[PlyCount "71"]
[EventDate "1995.04.??"]
[EventType "k.o. (rapid)"]
[EventRounds "4"]
[EventCountry "RUS"]
[SourceTitle "CBM 046 Extra"]
[Source "ChessBase"]
[SourceDate "1995.07.01"]
[SourceVersion "1"]
[SourceVersionDate "1995.07.01"]
[SourceQuality "1"]

1. e4 c6 2. d4 d5 3. Nd2 dxe4 4. Nxe4 Bf5 5. Ng3 Bg6 6. h4 h6 7. Nf3 Nd7 8. h5
Bh7 9. Bd3 Bxd3 10. Qxd3 Qc7 11. Bd2 e6 12. O-O-O Ngf6 13. Ne4 Bd6 14. Nxd6+
Qxd6 15. Kb1 b5 16. Qe2 Qd5 17. Rh4 O-O-O 18. Ba5 Nb6 19. Ne5 Rhf8 20. Bb4 Qxg2
21. Bxf8 Rxf8 22. Qe3 Qg5 23. Qa3 Nfd7 24. Rhh1 Kb7 25. Qd6 Nxe5 26. Qxf8 Nec4
27. Qxf7+ Ka6 28. Qxe6 Qf4 29. Qxc6 Qxf2 30. Rhe1 Nd2+ 31. Kc1 Ndc4 32. Qe4 Na4
33. Re2 Qf8 34. c3 Naxb2 35. Rxb2 Qa3 36. Qc6+ 1-0

[Event "Riga Tal Memorial"]
[Site "Riga"]
[Date "1995.??.??"]
[Round "2"]
[White "Ehlvest, Jaan"]
[Black "Ivanchuk, Vassily"]
[Result "0-1"]
[WhiteElo "2615"]
[BlackElo "2700"]
[Annotator "ChessBase"]
[PlyCount "70"]
[EventDate "1995.04.??"]
[EventType "tourn"]
[EventRounds "11"]
[EventCountry "LAT"]
[EventCategory "17"]
[SourceTitle "CBM 047"]
[Source "ChessBase"]
[SourceDate "1995.08.01"]
[SourceVersion "1"]
[SourceVersionDate "1995.08.01"]
[SourceQuality "1"]

1. d4 d5 2. c4 dxc4 3. Nf3 a6 4. e3 e6 5. Bxc4 c5 6. Qe2 b5 7. Bb3 Bb7 8. O-O
Nf6 9. Rd1 Nbd7 10. Nc3 Qb8 11. d5 exd5 12. Bxd5 Nxd5 13. Nxd5 Bxd5 14. Rxd5
Be7 15. e4 Qb7 16. Bg5 Nb6 17. Rf5 f6 18. Bh4 O-O 19. e5 Rae8 20. exf6 Bxf6 21.
Qc2 Bxh4 22. Rxf8+ Rxf8 23. Nxh4 c4 24. Nf3 Nd5 25. Ng5 Nf6 26. Re1 h6 27. Nf3
Nd5 28. Ne5 Nf4 29. f3 Re8 30. Re4 Nd3 31. Qe2 Rd8 32. h4 Qb6+ 33. Kh2 Qf6 34.
Nxd3 (34. g3 $5 Rd5 35. f4 Nxe5 36. fxe5 Qd8 37. Qf3 Rd2+ 38. Re2 Rxe2+ 39.
Qxe2 Qd3 40. Qg2 $13) 34... cxd3 35. Re8+ $2 (35. Qd2 $142 $15) 35... Kf7 0-1

[Event "Riga Tal Memorial"]
[Site "Riga"]
[Date "1995.??.??"]
[Round "4"]
[White "Kengis, Edvins"]
[Black "Ivanchuk, Vassily"]
[Result "0-1"]
[WhiteElo "2575"]
[BlackElo "2700"]
[Annotator "Horn,Pe"]
[PlyCount "58"]
[EventDate "1995.04.??"]
[EventType "tourn"]
[EventRounds "11"]
[EventCountry "LAT"]
[EventCategory "17"]
[SourceTitle "CBM 047"]
[Source "ChessBase"]
[SourceDate "1995.08.01"]
[SourceVersion "1"]
[SourceVersionDate "1995.08.01"]
[SourceQuality "1"]

1. Nf3 c5 2. g3 g6 3. Bg2 Bg7 4. c3 (4. O-O Nc6 5. c3 {seems the better way to
play this variation.}) 4... e5 $146 {The normal move seems to be new in this
situation.} (4... Qc7) 5. O-O Ne7 $1 (5... Nc6 6. d4 cxd4 7. cxd4 e4 8. Ne5) 6.
d4 (6. e4 $10) 6... cxd4 7. cxd4 e4 $1 (7... exd4 8. Na3 $44) 8. Ne5 (8. Nfd2
d5 9. Nb3 Nbc6 10. Nc3 $10) 8... f6 9. Nc4 d5 10. Ne3 Nbc6 $15 {()} 11. Nc3 O-O
12. Nc2 (12. b3 $5 Be6 (12... Nxd4 $2 13. Qxd4 f5 14. Qd2 d4 15. Ba3 $1)) 12...
Bf5 {/\ Qd7,Bh3} 13. b3 Qd7 14. Ba3 Rfc8 15. Qd2 h5 16. Rfc1 {Indicating, that
doesn`t want to play on the K`s side} (16. f3 $6 exf3 17. Bxf3 Bxc2 18. Bxe7
Nxe7 19. Qxc2) (16. Rac1 {/\ f3 seems more natural to me.}) 16... Bh3 17. e3 {
This weakens the white sqares, but Black could play Kh7,Bh6 any time he
chooses.} (17. f3 Bxg2 18. Kxg2 f5) 17... Bxg2 18. Kxg2 Bf8 19. Qe2 Nf5 20.
Bxf8 Kxf8 21. Qb5 $5 Nfe7 22. h4 (22. Nb4 $5 {seems logical}) 22... Rc7 23. Qe2
Kg7 24. Ne1 {He is preparing himself for g6-g5.} Rh8 25. Kh2 g5 26. Ng2 Nf5 27.
Qb5 Rd8 (27... gxh4 $2 28. Qxd5 hxg3+ 29. fxg3 h4 30. Qxd7+ Rxd7 31. g4 Nh6 32.
Kh3 $16) 28. a3 (28. hxg5 $2 fxg5 29. Nxd5 Ncxd4 (29... Qxd5 $2 30. Rc5) 30.
Rxc7 (30. Qxd7+ Rcxd7 31. Nc3 Nf3+ 32. Kh1 Nd2 $17) 30... Nxb5 31. Rxd7+ Rxd7
$17) (28. Nxd5 Ncxd4 29. Rxc7 Nxb5 30. Rxd7+ Rxd7 31. Rd1 Nbd4 $17) 28... Kg6
29. Qe2 $4 (29. b4 $15) 29... Nfxd4 (29... Ncxd4 $19) 0-1

[Event "Riga Tal Memorial"]
[Site "Riga"]
[Date "1995.??.??"]
[Round "10"]
[White "Jussupow, Artur"]
[Black "Ivanchuk, Vassily"]
[Result "1/2-1/2"]
[WhiteElo "2660"]
[BlackElo "2700"]
[Annotator "Dolmatov,S"]
[PlyCount "61"]
[EventDate "1995.04.??"]
[EventType "tourn"]
[EventRounds "11"]
[EventCountry "LAT"]
[EventCategory "17"]
[SourceTitle "CBM 047"]
[Source "ChessBase"]
[SourceDate "1995.08.01"]
[SourceVersion "1"]
[SourceVersionDate "1995.08.01"]
[SourceQuality "1"]

1. d4 {Ftacnik} d5 2. Nf3 e6 3. c4 dxc4 4. e3 a6 5. Bxc4 c5 6. Bb3 Nf6 7. O-O
Nc6 (7... b5 $2 8. a4 Bb7 9. axb5 axb5 10. Rxa8 Bxa8 11. Na3 $16) 8. Qe2 cxd4 (
8... Be7 9. Rd1 Qc7 10. Nc3 O-O 11. Bd2 b6 12. Rac1 $14) (8... Qc7 9. Nc3 Bd6
10. Bd2 O-O 11. Rac1 cxd4 12. exd4 Bf4 13. Rfd1 Bd7 14. Ne4 Nd5 15. Nc5 Bxd2
16. Qxd2 $14 {Petrosian,A-Gulko,B/Tashkent/1984/1:0/50/}) 9. Rd1 d3 (9... Be7
10. exd4 Na5 11. Bc2 b5 12. Nc3 Bb7 13. Bg5 O-O 14. Ne5 g6 15. Bh6 Re8 16. a3
Nh5 17. b4 $13 {Lerner,K-Dokhoian,Y/Kharkov/1985/}) 10. Rxd3 Qc7 11. Nc3 (11.
e4 {Ftacnik} Bc5 12. h3 Nd7 13. Be3 b6 14. Nbd2 O-O 15. Rc3 Bb7 16. Rac1 Rac8
17. Ba4 Qb8 18. Bxc5 Nxc5 19. Bxc6 Bxc6 20. Qe3 Bb7 21. Nd4 Na4 22. R3c2 Rxc2
23. Rxc2 Rc8 24. b3 {Yermolinsky,A-Rachels,S/USA-ch (02)/1992/0.5 (28)}) 11...
Bd6 (11... Bc5 {Ftacnik} 12. a3 O-O 13. Bd2 b5 14. Rc1 Qb6 15. e4 Ng4 16. Nd1
Bb7 17. Ng5 Nce5 18. Rg3 Rad8 19. Rxc5 Qxc5 20. Bb4 Qc1 21. Bxf8 Qxg5 22. Bb4
Qf4 23. Ne3 Nf6 24. Be7 {Piket,J-Lautier,J/Amsterdam Euwe-mem (03) ;CBM 47/
1995/0-1 (52)}) (11... Be7 {Ftacnik} 12. e4 Nd7 13. Rd1 O-O 14. Be3 b5 15. Rac1
Bb7 16. Nd5 exd5 17. exd5 Ndb8 18. dxc6 Nxc6 19. Nd4 Rac8 20. Nf5 $40 {Efimov,
I-Bancrot,E/Nice (10)/1994/1-0 (26)}) 12. e4 Ne5 (12... Ng4 13. h3 (13. e5 $6
Ngxe5 14. Nxe5 Bxe5 $15) 13... Nge5 14. Nxe5 Bxe5 $132) (12... O-O $2 {Ftacnik}
13. Rxd6 Qxd6 14. e5 $16) 13. Nxe5 Bxe5 14. f4 $5 (14. g3 b5 15. f4 Bd6 16. e5
Bc5+ 17. Be3 $14) 14... Bxf4 (14... Bxc3 {Ftacnik} 15. Rxc3 $16) 15. Bxf4 Qxf4
16. e5 Nd7 (16... Ng4 $2 17. g3 $16 (17. g3 {Ftacnik} Qf5 18. Bc2 $40)) 17. Rf1
(17. Re3 $5 O-O 18. Rf1 Qd4 19. Kh1 $40) 17... Qxe5 18. Re3 Qd4 (18... Qc5 {
Ftacnik} 19. Ne4 Qb6 20. Kh1 O-O 21. Rh3 $40) 19. Rd1 Qa7 (19... Qb6 {Ftacnik}
20. Ba4 $40) 20. Ne4 O-O 21. Kh1 Ne5 (21... Rd8 {Ftacnik} 22. Nf6+ $1 gxf6 (
22... Kh8 23. Qh5 h6 24. Ng4 $40) 23. Qg4+ Kf8 (23... Kh8 24. Rg3 $18) 24. Qb4+
Ke8 25. Rg3 $18) 22. Rh3 Ng6 (22... h6 23. Rxh6 gxh6 24. Nf6+ $40) 23. Qh5 $2 (
23. Rxh7 $142 $18 Kxh7 24. Qh5+ Kg8 25. Ng5 Re8 26. Rf1 $18 Ne5 (26... b5 27.
Rxf7 Qxf7 28. Nxf7 Kxf7 29. Qf3+ Nf4 30. Qxa8 $18) (26... Re7 27. Qh7+ Kf8 28.
Qxg6 b5 29. Qh7 $18) 27. Rxf7 Nxf7 28. Qxf7+ Kh8 29. Qxe8#) 23... h6 $10 24.
Nf6+ gxf6 (24... Kh8 $2 {Ftacnik} 25. Qg5 $1 e5 26. Rxh6+ gxh6 27. Qxh6#) 25.
Qxh6 Re8 26. Rg3 Qf2 (26... b6 {Ftacnik} 27. Rxg6+ fxg6 28. Qxg6+ Kf8 29. Rf1
Re7 30. Qxf6+ Ke8 31. Qf8+ Kd7 32. Rd1+ $13) 27. Rxg6+ fxg6 28. Qxg6+ Kf8 (
28... Kh8 {Ftacnik} 29. Qh6+ $10) 29. Qh6+ Kf7 (29... Ke7 $4 {Ftacnik} 30. Qg7#
) 30. Qh7+ Kf8 31. Qh8+ 1/2-1/2

[Event "PCA/Intel-GP"]
[Site "New York"]
[Date "1995.06.20"]
[Round "1.1"]
[White "Ivanchuk, Vassily"]
[Black "Hjartarson, Johann"]
[Result "1/2-1/2"]
[WhiteElo "2700"]
[BlackElo "2590"]
[Annotator "Vaisser,A"]
[PlyCount "61"]
[EventDate "1995.06.??"]
[EventType "k.o. (rapid)"]
[EventRounds "4"]
[EventCountry "USA"]
[SourceTitle "CBM 047 Extra"]
[Source "ChessBase"]
[SourceDate "1995.09.01"]
[SourceVersion "1"]
[SourceVersionDate "1995.09.01"]
[SourceQuality "1"]

1. e4 c5 2. Nf3 e6 3. d4 cxd4 4. Nxd4 Nc6 5. Nc3 Qc7 6. Be2 a6 7. O-O Nf6 8.
Kh1 Nxd4 9. Qxd4 Bc5 10. Qd3 b5 11. f4 Bb7 12. Bf3 O-O (12... h5 $5) 13. e5 Ne8
14. Bxb7 Qxb7 15. f5 f6 16. Bf4 Be7 17. Rae1 fxe5 18. Bxe5 Rc8 19. fxe6 Rxf1+
20. Rxf1 dxe6 21. Ne2 (21. Ne4 $5 Qd5 22. Qf3 h6 (22... Qxe5 $4 23. Qf7+ Kh8
24. Qf8+) 23. Bc3 $1 b4 24. Qf7+ Kh7 25. Qxe7 Qxe4 26. Re1 $1 Qxc2 27. Qxb4 $16
) 21... Nf6 22. Nf4 Qc6 (22... Qe4 23. Qxe4 Nxe4 24. c3 Rd8 {-game}) 23. c3 Rd8
24. Qe2 Qe4 25. Qxe4 Nxe4 26. Nxe6 Rd2 27. Nxg7 Bc5 28. Ne6 (28. h3 $2 Rd5 29.
Rf5 Rd1+ 30. Kh2 Bg1+ 31. Kh1 Nd6 $1 $19) 28... Nf2+ 29. Kg1 Nh3+ 30. Kh1 Nf2+
31. Kg1 1/2-1/2

[Event "PCA/Intel-GP"]
[Site "New York"]
[Date "1995.06.23"]
[Round "3.1"]
[White "Ivanchuk, Vassily"]
[Black "Morozevich, Alexander"]
[Result "1-0"]
[WhiteElo "2700"]
[BlackElo "2605"]
[Annotator "Vaisser,A"]
[PlyCount "81"]
[EventDate "1995.06.??"]
[EventType "k.o. (rapid)"]
[EventRounds "4"]
[EventCountry "USA"]
[SourceTitle "CBM 047 Extra"]
[Source "ChessBase"]
[SourceDate "1995.09.01"]
[SourceVersion "1"]
[SourceVersionDate "1995.09.01"]
[SourceQuality "1"]

1. d4 d5 2. c4 Nc6 3. Nc3 dxc4 4. d5 Ne5 5. f4 Nd7 (5... Ng4) (5... Ng6) 6. e4
Nb6 7. a4 a5 8. Be3 e6 9. Bxb6 cxb6 10. Bxc4 Bb4 11. Nf3 Nf6 (11... exd5 $6 12.
Bxd5 (12. Bb5+ $6 Kf8 $1 (12... Bd7 $2 13. Qxd5 Nf6 14. Qe5+ $1 $16 (14. Qxb7
$2 Bxb5 15. axb5 Qc8 $1 16. Qxc8+ Rxc8 17. Nd2 Bxc3 18. bxc3 Rxc3 19. Ke2 Ke7
$15)) 13. Qxd5 Qxd5 14. exd5 Nf6 15. Rd1 Bg4 $132) 12... Nf6 13. O-O O-O 14.
Qd3 $14) 12. O-O O-O 13. dxe6 Bxe6 14. Bxe6 fxe6 (14... Qxd1 $5 15. Bxf7+ (15.
Raxd1) 15... Rxf7 16. Raxd1 Bxc3 17. bxc3 Nxe4 18. Ng5 $1 $10) 15. Qb3 $1 Kh8
$1 16. Ng5 Ng4 (16... Bc5+ $2 17. Kh1 Ng4 18. Qxe6 $1) 17. Nxe6 {[#]} (17. Qxe6
$2 Qd4+ 18. Kh1 Nf2+ 19. Rxf2 Qxf2 20. Nf7+ $2 Rxf7 21. Qxf7 Qxb2 $19) 17...
Qh4 $2 (17... Bc5+ $1 18. Nxc5 (18. Kh1 $4 Qh4 19. h3 Qg3 20. hxg4 Qh4#) 18...
Qd4+ 19. Kh1 bxc5 $13 20. h3 (20. Qc2 $2 Ne3) 20... Nf2+ 21. Kh2 Nxe4 $1 (21...
Rxf4 $2 22. Ne2) 22. Nxe4 (22. Rad1 $2 Nd2) 22... Qxe4 $10) 18. h3 Rae8 {[#]}
19. Ne2 $1 $18 Rxe6 20. Qxe6 Bc5+ 21. Kh1 h5 22. Rad1 Rd8 (22... Nf2+ 23. Rxf2
Qxf2 24. Qc4 $18) 23. Rxd8+ Qxd8 24. Qd5 (24. g3) 24... Qh4 25. Qg5 Nf2+ 26.
Rxf2 Qxg5 (26... Qxf2 27. Qxh5+ Kg8 28. Kh2 $18) 27. fxg5 Bxf2 28. g6 $1 Kg8 (
28... h4 29. g4 hxg3 30. Kg2) 29. g4 hxg4 30. hxg4 Kf8 31. Kg2 Bc5 32. e5 $1
Ke7 33. Kf3 Kd7 34. Ke4 Kc6 35. Nd4+ Bxd4 36. Kxd4 Kd7 37. Kd5 Ke7 38. e6 Ke8
39. Kd6 Kd8 40. b3 Ke8 41. e7 1-0

[Event "PCA/Intel-GP"]
[Site "New York"]
[Date "1995.06.23"]
[Round "4.1"]
[White "Ivanchuk, Vassily"]
[Black "Kasparov, Garry"]
[Result "0-1"]
[WhiteElo "2700"]
[BlackElo "2805"]
[Annotator "Vaisser,A"]
[PlyCount "70"]
[EventDate "1995.06.??"]
[EventType "k.o. (rapid)"]
[EventRounds "4"]
[EventCountry "USA"]
[SourceTitle "CBM 047 Extra"]
[Source "ChessBase"]
[SourceDate "1995.09.01"]
[SourceVersion "1"]
[SourceVersionDate "1995.09.01"]
[SourceQuality "1"]

1. e4 c5 2. Nf3 d6 3. d4 cxd4 4. Nxd4 Nf6 5. Nc3 a6 6. Be3 e5 7. Nf3 Be7 8. Bc4
O-O 9. O-O Be6 10. Bb3 Nc6 11. Bg5 {>< d5} Na5 $6 (11... Ne8 $5) 12. Bxf6 Bxf6
13. Nd5 Nxb3 14. axb3 Bg5 15. Qd3 Bh6 (15... f5 $2 16. Nxg5 Qxg5 17. Nc7) 16.
Rad1 Rc8 $6 (16... f5 $5 17. Nc3 $6 (17. Nd2 $5) 17... fxe4 18. Nxe4 $2 (18.
Qxe4 Qe7 19. Nd5 Qf7) 18... d5 19. Nc5 e4 $17) 17. Nd2 (17. Nc3 $1 Bg4 $1 (
17... Rc6 $2 18. Nxe5) 18. h3 (18. Qxd6 $2 Bxf3 19. Qxd8 (19. gxf3 Qg5+ 20. Kh1
Qh5 21. Rg1 Qxf3+ 22. Rg2 Rc6 23. Qd3 Qxd3 24. Rxd3 Bc1 $17) 19... Rfxd8 20.
gxf3 Bd2 $44) 18... Bxf3 19. Qxf3 $16) 17... b5 (17... Bxd5 $2 18. Qxd5 $1 Rxc2
$2 19. Nc4 b5 20. Qd3 $16) 18. c3 Kh8 19. b4 Ra8 (19... f5 20. exf5 Bxf5 21.
Ne4) (19... g6 $5) 20. Nb3 f5 21. Na5 $6 Rc8 22. Qh3 $6 Rf7 23. Rfe1 Qe8 24.
Qh4 Qf8 25. exf5 Bxf5 26. f3 Bc2 27. Ra1 Bf5 28. h3 $2 (28. Rad1 Qe8 $140 29.
Ne3) 28... Qe8 $1 29. Qf2 $2 (29. Ne3) 29... Qe6 30. Rad1 (30. Ne3 $5) 30...
Qg6 31. Kh1 $6 (31. Kh2 $5) 31... Rcf8 32. h4 $2 (32. Ne3 $2 Bxh3 $1 33. gxh3
Rxf3 34. Qg2 Rg3 $19) (32. Kh2 $1 Bc2 $1 (32... Bxh3 $2 33. Kxh3 (33. gxh3 $2
Rxf3 34. Qg1 Qc2+ $19) 33... Qh5+ 34. Qh4 (34. Kg3 $2 Bf4+ 35. Nxf4 exf4#)
34... Rxf3+ 35. gxf3 Rxf3+ 36. Kg2 Qxh4 37. Kxf3 e4+ $1 38. Kg2 $44) 33. Qg3 $1
$17 (33. Ra1 $2 Be4 $1 34. Ne3 Bxf3 $19)) 32... Bc2 $19 33. Rd2 (33. Ra1 Be4
34. Ne3 Rxf3 35. gxf3 Rxf3 $19) 33... Bxd2 34. Qxd2 Qg3 35. Nb7 Rxb7 0-1

[Event "Dortmund SuperGM 23rd"]
[Site "Dortmund"]
[Date "1995.07.17"]
[Round "4"]
[White "Beliavsky, Alexander G"]
[Black "Ivanchuk, Vassily"]
[Result "0-1"]
[WhiteElo "2650"]
[BlackElo "2740"]
[Annotator "Ftacnik,L"]
[PlyCount "64"]
[EventDate "1995.07.14"]
[EventType "tourn"]
[EventRounds "9"]
[EventCountry "GER"]
[EventCategory "17"]
[SourceTitle "CBM 048"]
[Source "ChessBase"]
[SourceDate "1995.10.01"]
[SourceVersion "1"]
[SourceVersionDate "1995.10.01"]
[SourceQuality "1"]

1. d4 Nf6 2. c4 g6 3. Nc3 d5 4. cxd5 Nxd5 5. e4 Nxc3 6. bxc3 Bg7 7. Bb5+ Bd7 8.
Be2 c5 9. Nf3 cxd4 10. cxd4 Bc6 11. Qd3 O-O 12. O-O e6 {Small center is quite
common, but the bishop on c6 certainly less so.} (12... Nd7 13. Rb1 e6 14. Ba3
Re8 15. d5 $1 exd5 16. exd5 Bxd5 17. Qxd5 Rxe2 18. Rfd1 $18) 13. Bf4 (13. Bg5
Qa5 14. Qe3 Nd7 15. Rfe1 (15. h4 Rfe8 16. h5 f6 17. Bf4 gxh5 18. e5 Bxf3 {
0.5/Polgar,Zsu-Kortschnoj,V/Royan/1988/}) 15... Rac8 16. h3 Rfe8 17. Bf1 Bb5
18. Bxb5 Qxb5 19. Bh6 b6 20. Bxg7 Kxg7 21. Qa3 a5 22. Rab1 Qc6 23. Rbc1 Qb7 {
Tseitlin,MS-Plachetka,J/Ostrava (5)/1991/0-1 (59)}) 13... Nd7 14. Rac1 Nf6 15.
Nd2 (15. e5 $6 Nd5) 15... Qe7 16. Qe3 (16. Bg5 Qd7) 16... Rfd8 17. Be5 (17.
Rfd1 Rac8 $10) 17... Bf8 $5 {[%csl Ya3,Yb4,Yc5,Yd6] Refreshing idea, black
saves the bishop from exchange and supports activity along a3-f8 diagonal.} 18.
Nb3 Nd7 19. Bf4 (19. Bg3 Qa3) 19... Qa3 20. Rfd1 Re8 (20... Qxa2 $5 21. Rd2 (
21. Ra1 Qc2 22. d5 exd5 23. exd5 Re8 24. Qg3 Bxd5 $1) 21... Qa3 22. Ra1 Qb4 23.
Na5 e5 24. dxe5 Bc5 $13) 21. Rc2 e5 $1 22. dxe5 Nxe5 23. f3 (23. Bg3 Ng4 24.
Qc3 (24. Bxg4 Rxe4 25. Qf3 Qb4 $1) 24... Bg7 $15) 23... f5 24. Qc3 Bg7 25. Bc1
(25. Bxe5 Bxe5 26. Qc4+ Kg7 27. exf5 gxf5 28. Qh4 Qe7 29. Nd4 Qxh4 30. Nxf5+
Kh8 31. Nxh4 Ba4 $17) 25... Qe7 26. f4 {[%csl Re4] White hopes to solve the
problem of his poor piece coordination, but e4 square is just too vulnerable.}
(26. exf5 $2 Nxf3+ $19) 26... Bxe4 $1 (26... Ng4 27. e5) 27. fxe5 Bxc2 28. Qxc2
Rac8 29. Bc4+ (29. Qd2 Red8 30. Bd3 Bxe5 $17) 29... Kh8 30. Rd5 $2 {[%csl Yc2,
Yc4,Yd5] Beliavsky just isn t too lucky with attempts to locate his pieces in
this game.} (30. Qe2 Qxe5 31. Qxe5 Bxe5 32. Bd5 b5 $17) 30... Qh4 (30... Qb4
31. Nd2 b5 32. a3 Rxc4 33. Qxc4 (33. Nxc4 $4 Qe1#) 33... Qxc4 34. Nxc4 bxc4 $17
) 31. Nd2 Rxe5 32. g3 (32. Rxe5 Bxe5 33. Bb2 Qxh2+ 34. Kf2 b5 35. Qc3 bxc4 36.
Qxe5+ Qxe5 37. Bxe5+ Kg8 $19) 32... Qe7 (32... Qe7 33. Rxe5 Qxe5 34. a4 a6 $19)
0-1

[Event "PCA/Intel-GP"]
[Site "London"]
[Date "1995.??.??"]
[Round "1"]
[White "Malaniuk, Vladimir P"]
[Black "Ivanchuk, Vassily"]
[Result "0-1"]
[WhiteElo "2580"]
[BlackElo "2740"]
[Annotator "Vaisser,A"]
[PlyCount "56"]
[EventDate "1995.08.??"]
[EventType "k.o. (rapid)"]
[EventRounds "4"]
[EventCountry "ENG"]
[SourceTitle "CBM 049 Extra"]
[Source "ChessBase"]
[SourceDate "1996.01.01"]
[SourceVersion "1"]
[SourceVersionDate "1996.01.01"]
[SourceQuality "1"]

1. d4 Nf6 2. Nf3 e6 3. c4 b6 4. e3 Bb4+ 5. Bd2 Bxd2+ 6. Nbxd2 Bb7 7. Bd3 c5 $6
(7... d6) 8. e4 $1 d6 (8... cxd4 9. e5) 9. d5 exd5 (9... e5 $14) 10. cxd5 O-O
11. O-O Ba6 12. Qe2 Bxd3 13. Qxd3 Nbd7 14. h3 $1 Re8 15. a4 a6 16. Rfe1 Qe7 17.
Re3 g6 18. Rae1 b5 19. axb5 axb5 20. Qxb5 Reb8 21. Qd3 Rxb2 22. Nc4 Rba2 23. e5
$1 dxe5 24. d6 Qe6 (24... Qf8 25. Nfxe5 $16) 25. Nfxe5 {[#]} Nd5 $2 (25... Ra1
$1 26. Kh2 (26. Rxa1 $2 Rxa1+ 27. Kh2 Nd5) 26... Nd5 27. Nxg6 (27. Ng4 Rxe1 28.
Rxe6 fxe6 $13) 27... Nxe3 28. Rxe3 Qf6 29. Ne7+ Kh8 30. Nf5 $44) 26. Nxg6 $2 (
26. Ng4 $1 Nxe3 27. Rxe3 $18) 26... Nxe3 27. Rxe3 Qf6 28. Nge5 $4 (28. Ne7+ Kh8
29. Nf5 Qa1+ $1 30. Kh2 Rxf2 $15) 28... Qxf2+ 0-1

[Event "PCA/Intel-GP"]
[Site "London"]
[Date "1995.??.??"]
[Round "2"]
[White "Dreev, Alexey"]
[Black "Ivanchuk, Vassily"]
[Result "1/2-1/2"]
[WhiteElo "2670"]
[BlackElo "2740"]
[Annotator "Vaisser,A"]
[PlyCount "57"]
[EventDate "1995.08.??"]
[EventType "k.o. (rapid)"]
[EventRounds "4"]
[EventCountry "ENG"]
[SourceTitle "CBM 049 Extra"]
[Source "ChessBase"]
[SourceDate "1996.01.01"]
[SourceVersion "1"]
[SourceVersionDate "1996.01.01"]
[SourceQuality "1"]

1. d4 Nf6 2. c4 g6 3. Nc3 d5 4. Bf4 Bg7 5. e3 c5 6. dxc5 Qa5 7. Qa4+ Qxa4 8.
Nxa4 O-O 9. Nf3 Ne4 10. cxd5 Bd7 11. c6 $1 $146 bxc6 12. Bc4 c5 13. Bd3 Bxa4
14. Bxe4 Nd7 15. d6 Rae8 16. dxe7 Rxe7 17. Bd3 Bxb2 18. Rb1 Ne5 $1 19. Bxe5
Bxe5 20. Ke2 Bc6 21. Rhc1 Rc8 22. Nxe5 (22. g3 $1 Bxf3+ 23. Kxf3 $14) 22...
Rxe5 23. g3 Be4 $1 24. Rb2 (24. Rb3 $5) 24... Bxd3+ 25. Kxd3 Rd5+ 26. Kc4 $6 {
[#]} (26. Kc3 c4 27. Rb7 Ra5 (27... Rd3+ 28. Kc2 Rcd8 29. Kb2 $14) 28. Rc2 $14)
26... Rd4+ $1 27. Kc3 Ra4 28. Rcc2 Rc6 29. Kb3 $1 1/2-1/2